Terbuang tapi terbilang
| Main Author: | |
|---|---|
| Format: | Book |
| Language: | Malay |
| Published: |
Selangor :
Marwilis Publisher
1987
|
| Subjects: |
MARC
| LEADER | 00000cam a2200000 7i4500 | ||
|---|---|---|---|
| 001 | 0000008583 | ||
| 005 | 20241003.0 | ||
| 008 | 010713 my may | ||
| 040 | |a INS |b eng |e rda | ||
| 090 | 0 | 0 | |a PL5186 |b .M266 1987 |
| 100 | 0 | |a Marwilis Haji Yusof , |e author | |
| 245 | 1 | 0 | |a Terbuang tapi terbilang |c Marwilis Haji Yusof |
| 264 | 1 | |a Selangor : |b Marwilis Publisher |c 1987 | |
| 300 | |a 163 pages ; |c 18 cm. | ||
| 336 | |a text |2 rdacontent | ||
| 337 | |a unmediated |2 rdamedia | ||
| 338 | |a volume |2 rdacarrier | ||
| 650 | 0 | |a Malay fiction | |
| 999 | |a 0000008188 |b BOOK |c Open Shelf |e Default branch | ||